000 00622nam a2200193 a 4500
001 000040940
005 20201002034507.0
008 130911s1972 xxua 001 0 eng d
020 _a9780393099928
040 _aDO-SdBNP
_beng
_cBNPHU
082 _axxxxx
_bxxxxx
100 1 _aCasper, Barry M.
_967367
245 1 0 _aRevolutions in Physics /
_cBarry M. Casper, Richard J. Noer.
260 _aNew York, :
_bNorton & Company,
_c1972.
300 _a479 p. :
_bil.
504 _aIncluye referencias bibligoráficas y notas al pie de las páginas
504 _aBibliografías : p. 467-472
700 1 _aNoer, J. Richard
_967368
999 _c40430
_d40430